| 000 | nam a22 7a 4500 | ||
|---|---|---|---|
| 999 |
_c27452 _d27451 |
||
| 003 | OSt | ||
| 005 | 20170518104601.0 | ||
| 008 | 170508b xxu||||| |||| 00| 0 eng d | ||
| 020 | _a0534637205 | ||
| 040 |
_aMMU _beng _cMMU _dMMU |
||
| 050 | _aP93.5 .L47 2006 | ||
| 100 | _aLester Paul M. | ||
| 245 |
_aVisual Communication : _bImages with messages / _cPaul Martin Lester |
||
| 250 | _a4th ed. | ||
| 260 |
_aBelmont, CA: _bThomson Higher Learning, _c2006 |
||
| 300 |
_a450 p.: _bill.; |
||
| 500 | _aIncludes index. | ||
| 650 |
_aCommunication _9253 |
||
| 942 |
_2lcc _cLOAN LOAN |
||